Łacina - słówka 1 - Statystyki

Ogólne statystyki
  • Ten quiz został rozwiązany 56 razy
  • Średni wynik to 6 z 20
Statystyki odpowiedzi
Po polsku Po łacinie % Poprawnych
Pokój Pax
59%
Czas Tempus
59%
Ciało Corpus
51%
Ogień Ignis
46%
Światło Lux
46%
Koń Equus
43%
Gwiazda Stella
38%
Mężczyzna Vir
38%
Niebo Caelum
35%
Ptak Avis
30%
Miecz Gladius
30%
Wiara, zaufanie Fides
24%
Cnota, odwaga Virtus
24%
Góra Mons
22%
Statek Navis
19%
Las Silva
19%
Rzeka Flumen
14%
Wróg Hostis
14%
Strzała Sagitta
14%
Nadzieja Spes
11%
Nie znaleziono quizów pasujących do podanych kryteriów
Rozkład punktacji
Procent ludzi z każdym wynikiem
Percentyl według liczby udzielonych odpowiedzi
Twoja historia wyników
Nie rozwiązałeś tego quizu